Modern Family Relationships Quiz Stats

 Plays Quiz Updated Mar 28, 2018

Challenge
Share
Tweet
Embed
Score 0/20 Timer 04:00
4 Plays Today
Description Relationship % Correct
Jay is Gloria's ______Husband
99.2%
Mitchell is Jay's ______Son
92.9%
Lily is Haley's ______Cousin
91%
Phil is Mitchell's ______Brother-In-Law
90.8%
Mitchell is Claire's ______Brother
88.7%
Manny is Claire's ______Stepbrother
87.6%
Alex is Jay's ______Granddaughter
85.6%
Alex is Luke's ______Sister
85.1%
Claire is Phil's ______Wife
83.9%
Gloria is Luke's ______Stepgrandmother
82.7%
Description Relationship % Correct
Phil is Lily's ______Uncle
81%
Gloria is Phil's ______Stepmother-In-law
77.4%
Javier is Manny's ______Father
76.1%
Alex is Phil's ______Daughter
73.9%
Jay is Luke's ______Grandfather
73.4%
Manny is Mitchell's ______Stepbrother
69.1%
DeDe is Jay's ______Ex-wife
67.8%
Haley is Mitchell's ______Niece
65.4%
Alex is Manny's ______Stepniece
61.4%
Claire is Fulgencio's ______Half-Sister
40.2%

You're not logged in!

Compare scores with friends on all Sporcle quizzes.
OR
Log In

You Might Also Like...

Show Comments

Extras

Top Quizzes Today


Score Distribution

Your Account Isn't Verified!

In order to create a playlist on Sporcle, you need to verify the email address you used during registration. Go to your Sporcle Settings to finish the process.

Report this User

Report this user for behavior that violates our Community Guidelines.

Details: